| 000 | nam a22 a 4500 | ||
|---|---|---|---|
| 999 |
_c143192 _d143192 |
||
| 003 | BLK | ||
| 005 | 20230404030333.0 | ||
| 008 | 180409b bul|||||r ||||||| ||bul|| | ||
| 010 | _aKNG00149308000 | ||
| 040 | _aBLK | ||
| 041 |
_aBUL _cBUL |
||
| 072 | 7 |
_2bullib _aЯ _xАвтографи |
|
| 080 |
_aБългарска литература _b821.163.2 _x-93-1 _z821.163.2-93-1 |
||
| 100 | 1 |
_aЦанев, Стефан Неделчев _d1936- _gПисател, поет, драматург. _9364639 |
|
| 139 |
_aЦанев, Стефан Неделчев _bЦ 16 |
||
| 245 | 1 | 0 |
_aКак маймуните произлезли от човека и още седем Анини приказки _bПоема за деца _cСтефан Неделчев Цанев; худож. Генчо Симеонов. |
| 257 | _aBGR | ||
| 260 |
_aСофия _bОтечество _c1982 |
||
| 300 |
_a79 с. _bс ил. _c22 см |
||
| 380 | _aDX | ||
| 500 | _a25 115 тир. | ||
| 659 | _aЯ | ||
| 700 | 1 |
_aСимеонов, Генчо _eхудож. _9376995 |
|
| 852 | _aЦб 262366 | ||
| 856 | 4 |
_qpdf _i0.39 _ldisable |
|
| 856 | 4 |
_qpdf _i0.39 _ldisable |
|
| 942 |
_cKNG _n0 _s1 |
||
| 944 |
_aCR _c15.08.2013 _l15.08.2013 - от С1,Р / 15.08.2013 _kСерджан_Ахмедов |
||
| 944 |
_aED _c15.08.2013 _l15.08.2013 - от С1,Р / 15.08.2013 |
||
| 999 | _d143192 | ||